Quick Pick: Cranial Nerves Quiz Stats

 Plays Quiz Updated Apr 12, 2019

Score 0/12 Timer 01:00
4 Plays Today
% Correct
optic
94.9%
olfactory
93%
oculomotor
92.7%
glossopharyngeal
90.9%
trochlear
90.8%
facial
90.6%
hypoglossal
90.3%
vestibulocochlear
90.1%
trigeminal
87.6%
vagus
79.7%
abducens
75.1%
accessory
66.1%

Today's Daily Dose

You're not logged in!

Compare scores with friends on all Sporcle quizzes.
OR
Log In

Sporcle TV

Today on Sporcle TV


Watch our educational content, quiz creation guides, and fun videos on Sporcle TV.

Show Comments

Extras

Top Quizzes Today


Score Distribution

Your Account Isn't Verified!

In order to create a playlist on Sporcle, you need to verify the email address you used during registration. Go to your Sporcle Settings to finish the process.

Report this User

Report this user for behavior that violates our Community Guidelines.

Details: